000 00719nam a22001695i 4500
001 164767
003 ES-MaACL
005 20230906213011.0
008 010712s1876 sp ||||1| spa d
040 _aCYL
_bspa
_cCYL
100 1 _aSantucho, José María.
_9132458
245 1 0 _aApuntes biográficos acerca del Sr. Leon Anel y Sin ... fallecido en Madrid en 17 de enero de 1876 /
_cescritos por el Sr. Jose Maria Santucho.
260 _aMadrid :
_b[s.n.],
_c1876 (
_fImprenta de A. Gomez Fuentenebro)
300 _a11 p. ;
_c27 cm.
600 1 _aAnel y Sin, León.
_9125672
852 _aES-MaACL
_jT-204-F-17
_z-- Enc. hol., falto de la cub. original
_z-- Enc. en un vol. facticio
_z.- Dedicatoria autógr. del autor
999 _c164767
_d164767